| 000 | 00810nam a2200193Ia 4500 | ||
|---|---|---|---|
| 003 | IN-BaIIA | ||
| 008 | 211028s9999 xx 000 0 eng d | ||
| 020 | _a3-540-15206-7 | ||
| 040 | _cIIA Library | ||
| 080 |
_a524.352(063) _bSUP |
||
| 111 |
_aWorkshop on Supernovae As Distance indicators _cCambridge _d1984 Sep. 27-28 _914474 |
||
| 245 | 0 |
_aSuperNovae as distance indicators _bproceedings of a meeting on superNovae as distance indicatorsheld in Palazzo del Bo, Università degli Studi di Padova, Padua, Italy 15-19 June 2004 _cedited by Norbert Bartel |
|
| 260 |
_aBerlin _bSpringer-Verlag _c1985 |
||
| 300 | _a[various pagings.] | ||
| 650 | _aAstronomy and Astrophysics thesaurus | ||
| 650 |
_aSuperNovae _91357 |
||
| 700 |
_aBartel, Norbert., ed. _914475 |
||
| 942 | _cBK | ||
| 999 |
_c8621 _d8621 |
||